د جا ل (Record no. 554093)

000 -LEADER
fixed length control field 00302nam a22001217a 4500
082 ## - DEWEY DECIMAL CLASSIFICATION NUMBER
Classification number 297
Author Mark MAN
100 ## - MAIN ENTRY--PERSONAL NAME
Personal name Mansoor, Mufti Abu Lababa Shah
9 (RLIN) 51398
245 ## - TITLE STATEMENT
Title د جا ل
260 ## - PUBLICATION, DISTRIBUTION, ETC.
Place of publication, distribution, etc. Karachi,
Name of publisher, distributor, etc. Al Saeed,
Date of publication, distribution, etc. 2009.
300 ## - PHYSICAL DESCRIPTION
Extent 279p.
526 ## - STUDY PROGRAM INFORMATION NOTE
Program name 0
Interest level 0
Reading level 0
Title point value 297_000000000000000_MAN
942 ## - ADDED ENTRY ELEMENTS (KOHA)
Source of classification or shelving scheme
Koha item type Book
Holdings
Withdrawn status Lost status Source of classification or shelving scheme Damaged status Not for loan Permanent Location Current Location Date acquired Total Checkouts Total Renewals Full call number Barcode Date last seen Date last checked out Price effective from Koha item type
          Military College of Engineering (MCE) Military College of Engineering (MCE) 06/29/2018 1 1 297 MAN MCE-194M 06/27/2019 10/25/2018 06/29/2018 Book
© 2023 Central Library, National University of Sciences and Technology. All Rights Reserved.